Histoire physique, morale, civile et politique de la Russie Moderne (Record no. 157405)

MARC details
000 -LEADER
campo de control de longitud fija 01032nam a22002415i 4500
001 - NÚMERO DE CONTROL
campo de control 157405
003 - IDENTIFICADOR DE NÚMERO DE CONTROL
campo de control ES-MaACL
005 - FECHA Y HORA DE LA ÚLTIMA TRANSACCIÓN
campo de control 20250627063651.0
008 - DATOS DE LONGITUD FIJA--INFORMACIÓN GENERAL
campo de control de longitud fija 040915s1794 fr |||| | fre d
040 ## - FUENTE DE CATALOGACIÓN
Centro catalogador/agencia de origen CAM
Lengua de catalogación spa
Centro/agencia transcriptor CAM
100 1# - ENTRADA PRINCIPAL--NOMBRE DE PERSONA
Nombre de persona Le Clerc, Nicolas-Gabriel,
Fechas asociadas al nombre 1726-1798
9 (RLIN) 70856
245 10 - MENCIÓN DEL TÍTULO
Título Histoire physique, morale, civile et politique de la Russie Moderne
Resto del título : tome troisième, contenant la suite de la topographie, de l'histoire naturelle...
260 ## - PUBLICACIÓN, DISTRIBUCIÓN, ETC.
Lugar de publicación, distribución, etc. A Paris :
Nombre del editor, distribuidor, etc. chez Maradan, libraire... ;
Lugar de publicación, distribución, etc. A Versailles :
Nombre del editor, distribuidor, etc. chez Blaizot, libraire...,
Fecha de publicación, distribución, etc. L'an \RIIe\R de la République Françoise [1794] (
Fabricante De l'imprimerie de Demonville)
300 ## - DESCRIPCIÓN FÍSICA
Extensión VIII, 424 p. ;
Dimensiones 4º.
594 ## - Nota al título y mención de responsabilidad
Nota al título y mención de responsabilidad Autores tomados de prelim.
596 ## - NOTA AL PIE DE IMPRENTA
NOTA AL PIE DE IMPRENTA Dato de impresor consta en colofón.
597 ## - NOTA DE DESCRIPCIÓN FÍSICA
NOTA DE DESCRIPCIÓN FÍSICA Sign.: []\p4\s, A-2Z\p4\s, 3A-3G\p4\s.
597 ## - NOTA DE DESCRIPCIÓN FÍSICA
NOTA DE DESCRIPCIÓN FÍSICA Antep.
651 #4 - PUNTO DE ACCESO ADICIONAL DE MATERIA--NOMBRE GEOGRÁFICO
Nombre geográfico Rusia-
Subdivisión general Historia.
9 (RLIN) 9330
700 11 - ENTRADA AGREGADA--NOMBRE PERSONAL
Nombre de persona Le Clerc, François Antoine.
9 (RLIN) 128776
852 ## - LOCALIZACIÓN
Ubicación ES-MaACL
Número de control de estantería R-3448
Nota libre -- Enc. pasta española
Holdings
Estatus retirado Estado de pérdida Estado de daño No para préstamo Colección Biblioteca de origen Biblioteca actual Ubicación en estantería Fecha de adquisición Total de préstamos Signatura topográfica completa Código de barras Visto por última vez Precio de reemplazo Tipo de ítem Koha
        Libros del s. XVIII Biblioteca del Ateneo de Madrid Biblioteca del Ateneo de Madrid Depósito 17/01/2008   R-3448 1164722 23/02/2023 23/02/2023 Libro impreso antiguo